| 000 | 01296cam a22003374a 4500 | ||
|---|---|---|---|
| 001 | 13997372 | ||
| 003 | OSt | ||
| 005 | 20210414114558.0 | ||
| 008 | 050609s2006 nyua b 001 0 eng | ||
| 010 | _a 2005050933 | ||
| 020 | _a0130994006 (pbk.) | ||
| 020 | _a9780130994004 (pbk.) | ||
| 035 | _a(OCoLC)ocm60651178 | ||
| 035 | _a(OCoLC)60651178 | ||
| 040 |
_aDLC _cDLC _dYDXCP _dOCLCQ _dLVB _dOCLCG _dDLC |
||
| 042 | _apcc | ||
| 050 | 0 | 0 |
_aG155.A1 _bM35 2006 |
| 082 | 0 | 0 |
_a910 _222 |
| 100 | 1 | _aWall, Geoffrey. | |
| 245 | 1 | 0 |
_aTourism :change, impacts, and opportunities. / _cGeoffrey Wall and Alister Mathieson. |
| 250 | _a2nd ed. | ||
| 260 |
_aHarlow, England ; _aNew York : _bPearson Prentice Hall, _c2006. |
||
| 300 |
_axiii, 412 p. : _bill. ; _c24 cm. |
||
| 504 | _aIncludes bibliographical references (p. 328-389) and index. | ||
| 505 | _aContents: Introduction -- Framework -- Understanding change -- Economic consequences -- Environmental consequences -- Social consequences -- Sustainable developments -- Conclusions. | ||
| 650 | 0 | _aTourism. | |
| 700 | 1 |
_aMathieson, Alister, _d1954- |
|
| 906 |
_a7 _bcbc _corignew _d1 _eocip _f20 _gy-gencatlg |
||
| 942 |
_2lcc _cBK |
||
| 999 |
_c6541 _d14041 |
||